[Event "HUN-chT2 Maroczy 0910"]
[Site "Hungary"]
[Date "2009.11.22"]
[Round "2"]
[White "Hibjan, Tamas"]
[Black "Bolvary, Tamara"]
[Result "0-1"]
[WhiteElo "2159"]
[BlackElo "2059"]
[PlyCount "82"]
[EventDate "2009.11.08"]
[EventType "team-tourn"]
[EventRounds "11"]
[EventCountry "HUN"]
[SourceTitle "EXT 2011"]
[Source "ChessBase"]
[SourceDate "2010.11.26"]
[SourceVersion "1"]
[SourceVersionDate "2010.11.26"]
[SourceQuality "1"]
[WhiteTeam "Nyiregyhaza"]
[BlackTeam "MLTC II"]
[WhiteTeamCountry "HUN"]
[BlackTeamCountry "HUN"]

1. e4 c5 2. Nf3 e6 3. d4 cxd4 4. Nxd4 a6 5. Nc3 b5 6. Bd3 Qb6 7. Nb3 Qc7 8. 0-0 Nf6 9. Bg5 Bb7 10. Qe2 d6 11. a4 b4 12. Na2 d5 13. Bxf6 gxf6 14. c3 Bd6 15. g3 Nd7 16. cxb4 Ne5 17. Rfc1 Qe7 18. Nc5 Nxd3 19. Qxd3 dxe4 20. Qe2 Bxc5 21. bxc5 Rc8 22. b4 h5 23. c6 Rxc6 24. Rxc6 Bxc6 25. Qxa6 Bb7 26. Qb5+ Kf8 27. a5 Kg7 28. a6 Ba8 29. Qc4 h4 30. Qd4 hxg3 31. fxg3 Rd8 32. Qf2 Qd6 33. b5 Qe5 34. Rf1 e3 35. Qf4 e2 36. Re1 Qc5+ 37. Qf2 Qd5 38. Qxe2 Qh1+ 39. Kf2 Qxh2+ 40. Kf1 Qh1+ 41. Kf2 Qg2+ 0-1

[Event "HUN-chT2 Erkel 0809"]
[Site "Hungary"]
[Date "2009.04.19"]
[Round "11.3"]
[White "Bolvary, Tamara"]
[Black "Antal, Sebestyen Jr"]
[Result "1/2-1/2"]
[WhiteElo "2017"]
[BlackElo "2224"]
[PlyCount "27"]
[EventDate "2008.10.26"]
[EventType "team-tourn"]
[EventRounds "11"]
[EventCountry "HUN"]
[SourceTitle "EXT 2010"]
[Source "ChessBase"]
[SourceDate "2010.11.25"]
[SourceVersion "1"]
[SourceVersionDate "2010.11.25"]
[SourceQuality "1"]
[WhiteTeam "Foti"]
[BlackTeam "PSE II"]
[WhiteTeamCountry "HUN"]
[BlackTeamCountry "HUN"]

1. e4 c5 2. Nf3 d6 3. Bc4 Nc6 4. 0-0 Nf6 5. Re1 Ne5 6. Nxe5 dxe5 7. b3 Bg4 8. Bb5+ Bd7 9. Qe2 e6 10. Bb2 Bd6 11. Na3 0-0 12. Bxd7 Nxd7 13. Nc4 Bc7 14. a4 1/2-1/2

[Event "HUN-chT2 Erkel 0809"]
[Site "Hungary"]
[Date "2009.04.05"]
[Round "10.2"]
[White "Bolvary, Tamara"]
[Black "Sinka, Istvan"]
[Result "1/2-1/2"]
[WhiteElo "2017"]
[BlackElo "2305"]
[PlyCount "117"]
[EventDate "2008.10.26"]
[EventType "team-tourn"]
[EventRounds "11"]
[EventCountry "HUN"]
[SourceTitle "EXT 2010"]
[Source "ChessBase"]
[SourceDate "2010.11.25"]
[SourceVersion "1"]
[SourceVersionDate "2010.11.25"]
[SourceQuality "1"]
[WhiteTeam "Foti"]
[BlackTeam "Jaszbereny"]
[WhiteTeamCountry "HUN"]
[BlackTeamCountry "HUN"]

1. e4 e6 2. d4 d5 3. exd5 exd5 4. Bd3 Nc6 5. Ne2 Bd6 6. c4 dxc4 7. Bxc4 Nf6 8. 0-0 0-0 9. Be3 Ng4 10. h3 Nxe3 11. fxe3 Qg5 12. Rf3 Bf5 13. Nbc3 Rae8 14. Qf1 Bg6 15. e4 Nxd4 16. Nxd4 Qc5 17. Rd1 Be5 18. Qd3 Rd8 19. Nd5 c6 20. b4 Qd6 21. Nf5 Bxf5 22. Rxf5 cxd5 23. Bxd5 Rd7 24. Qb5 a6 25. Bxf7+ Rdxf7 26. Rxd6 axb5 27. Rxe5 h6 28. Rxb5 Re7 29. a4 Rc8 30. e5 Rc2 31. e6 g5 32. Rd7 Rxe6 33. Rbxb7 Re8 34. a5 Ra2 35. Rg7+ Kh8 36. Rh7+ Kg8 37. Rbg7+ Kf8 38. Ra7 Kg8 39. Rxh6 Ree2 40. Rg6+ Kh8 41. Rxg5 Ra1+ 42. Kh2 Rh1+ 43. Kxh1 Re1+ 44. Kh2 Rh1+ 45. Kg3 Rxh3+ 46. Kf4 Rf3+ 47. Ke5 Re3+ 48. Kd6 Re6+ 49. Kd7 Rd6+ 50. Ke8 Rd8+ 51. Kf7 Rf8+ 52. Kg6 Rf6+ 53. Kh5 Rh6+ 54. Kg4 Rh4+ 55. Kf5 Rf4+ 56. Ke5 Re4+ 57. Kf6 Re6+ 58. Kf7 Rf6+ 59. Kxf6 1/2-1/2

[Event "Budapest FS02 FM-A"]
[Site "Budapest"]
[Date "2009.02.07"]
[Round "1"]
[White "Bolvary, Tamara"]
[Black "Letay, Gyula"]
[Result "1-0"]
[WhiteElo "2027"]
[BlackElo "2060"]
[PlyCount "65"]
[EventDate "2009.02.07"]
[EventType "tourn"]
[EventRounds "9"]
[EventCountry "HUN"]
[SourceTitle "CBM 128 Extra"]
[Source "ChessBase"]
[SourceDate "2009.03.05"]
[SourceVersion "2"]
[SourceVersionDate "2009.03.25"]
[SourceQuality "1"]

1. e4 c5 2. Nf3 d6 3. Bc4 e6 4. 0-0 a6 5. a4 Be7 6. c3 d5 7. exd5 exd5 8. Bb3 Nf6 9. d4 c4 10. Bc2 0-0 11. Ne5 Nc6 12. Re1 Re8 13. Bg5 h6 14. Bf4 Be6 15. Re3 Nxe5 16. dxe5 Nh7 17. Rg3 Bg5 18. Bxh7+ Kxh7 19. Bxg5 hxg5 20. Qh5+ Kg8 21. Rxg5 g6 22. Qh6 Qe7 23. Nd2 Qf8 24. Qh4 b5 25. a5 b4 26. Nf3 bxc3 27. bxc3 Rab8 28. Rg3 Qa3 29. Rf1 Qxa5 30. Ng5 Qc7 31. f4 Qc5+ 32. Kh1 Rb2 33. Rh3 1-0

[Event "HUN-chT2 Erkel 0809"]
[Site "Hungary"]
[Date "2009.01.25"]
[Round "6.3"]
[White "Bolvary, Tamara"]
[Black "Jacso, Adam"]
[Result "1/2-1/2"]
[WhiteElo "2017"]
[BlackElo "2190"]
[PlyCount "66"]
[EventDate "2008.10.26"]
[EventType "team-tourn"]
[EventRounds "11"]
[EventCountry "HUN"]
[SourceTitle "EXT 2010"]
[Source "ChessBase"]
[SourceDate "2010.11.25"]
[SourceVersion "1"]
[SourceVersionDate "2010.11.25"]
[SourceQuality "1"]
[WhiteTeam "Foti"]
[BlackTeam "HMO"]
[WhiteTeamCountry "HUN"]
[BlackTeamCountry "HUN"]

1. e4 c5 2. Nf3 Nc6 3. Bb5 g6 4. Bxc6 dxc6 5. d3 Bg7 6. Nc3 e5 7. Be3 Qe7 8. Qd2 Nf6 9. h3 Nd7 10. Bh6 f6 11. Bxg7 Qxg7 12. 0-0-0 Nf8 13. Ne2 Ne6 14. c3 Bd7 15. d4 cxd4 16. cxd4 exd4 17. Nfxd4 Qe7 18. Nc3 0-0-0 19. Qe3 Qc5 20. Rhe1 Qg5 21. Nxe6 Qxe3+ 22. Rxe3 Bxe6 23. Red3 Bc4 24. Rxd8+ Rxd8 25. Rxd8+ Kxd8 26. h4 Ke7 27. Kd2 a5 28. Ke3 b5 29. a3 Kd6 30. f4 Kc5 31. g4 b4 32. axb4+ axb4 33. Nb1 Bf7 1/2-1/2

[Event "HUN-chT2 Erkel 0809"]
[Site "Hungary"]
[Date "2008.11.30"]
[Round "3.3"]
[White "Molnar, Laszlo"]
[Black "Bolvary, Tamara"]
[Result "1-0"]
[WhiteElo "2247"]
[BlackElo "2017"]
[PlyCount "61"]
[EventDate "2008.10.26"]
[EventType "team-tourn"]
[EventRounds "11"]
[EventCountry "HUN"]
[SourceTitle "EXT 2010"]
[Source "ChessBase"]
[SourceDate "2010.11.25"]
[SourceVersion "1"]
[SourceVersionDate "2010.11.25"]
[SourceQuality "1"]
[WhiteTeam "Ujszasz"]
[BlackTeam "Foti"]
[WhiteTeamCountry "HUN"]
[BlackTeamCountry "HUN"]

1. d4 d5 2. c4 c6 3. Nf3 Nf6 4. Nc3 a6 5. a4 e6 6. e3 Bb4 7. Bd3 0-0 8. 0-0 a5 9. Qe2 Nbd7 10. Bd2 Re8 11. Rad1 Qe7 12. Ne5 Nxe5 13. dxe5 Nd7 14. f4 Nf8 15. Kh1 f5 16. exf6 gxf6 17. Rf3 f5 18. Rg3+ Ng6 19. Qh5 Qg7 20. cxd5 cxd5 21. Nb5 Re7 22. Qg5 Qf8 23. b3 Rg7 24. Bxb4 axb4 25. Rc1 Bd7 26. h4 Bc6 27. Nd4 Bd7 28. h5 Ne7 29. Qxg7+ Qxg7 30. Rxg7+ Kxg7 31. Rc7 1-0

[Event "Budapest FS11 FM-A"]
[Site "Budapest"]
[Date "2008.11.09"]
[Round "9"]
[White "Cox, Tristan"]
[Black "Bolvary, Tamara"]
[Result "0-1"]
[WhiteElo "2133"]
[BlackElo "2017"]
[PlyCount "52"]
[EventDate "2008.11.01"]
[EventType "tourn"]
[EventRounds "9"]
[EventCountry "HUN"]
[SourceTitle "EXT 2009"]
[Source "ChessBase"]
[SourceDate "2008.11.26"]
[SourceVersion "1"]
[SourceVersionDate "2008.11.26"]
[SourceQuality "1"]

1. d4 d5 2. c4 c6 3. Nf3 Nf6 4. Nc3 a6 5. g3 b5 6. cxd5 cxd5 7. Qb3 Nc6 8. Ne5 Nxd4 9. Qd1 Nf5 10. Bg2 Bb7 11. Bg5 e6 12. e4 dxe4 13. Bxf6 gxf6 14. Nxf7 Kxf7 15. Qh5+ Kg8 16. Rd1 Qe8 17. Qg4+ Qg6 18. Qf4 e5 19. Qd2 Nd4 20. 0-0 Bh6 21. Qe1 f5 22. g4 Qxg4 23. Kh1 Kf7 24. h3 Qg6 25. Rg1 Rhg8 26. Ne2 Rad8 0-1

[Event "Budapest FS11 FM-A"]
[Site "Budapest"]
[Date "2008.11.07"]
[Round "7"]
[White "Letay, Gyula"]
[Black "Bolvary, Tamara"]
[Result "0-1"]
[WhiteElo "2094"]
[BlackElo "2017"]
[PlyCount "90"]
[EventDate "2008.11.01"]
[EventType "tourn"]
[EventRounds "9"]
[EventCountry "HUN"]
[SourceTitle "EXT 2009"]
[Source "ChessBase"]
[SourceDate "2008.11.26"]
[SourceVersion "1"]
[SourceVersionDate "2008.11.26"]
[SourceQuality "1"]

1. e4 c5 2. Nc3 Nc6 3. g3 g6 4. Bg2 Bg7 5. d3 e5 6. Be3 d6 7. Qd2 a6 8. Nge2 Be6 9. 0-0 Nge7 10. h3 0-0 11. Kh2 Nd4 12. Nd1 d5 13. Nxd4 cxd4 14. Bh6 f5 15. Bxg7 Kxg7 16. f3 f4 17. gxf4 Rxf4 18. Nf2 Nc6 19. Rae1 Qh4 20. exd5 Bxd5 21. Ng4 Raf8 22. Qe2 R8f5 23. c4 dxc3 24. bxc3 Rg5 25. Qb2 b5 26. c4 Be6 27. Nxe5 Qg3+ 28. Kh1 Nd4 29. Qf2 Bxh3 30. Qxg3 Rxg3 31. Rf2 Rh4 32. Kh2 Nf5 33. Kg1 Rh5 34. f4 Ne3 35. Rxe3 Rxe3 36. Bxh3 Rhxh3 37. cxb5 axb5 38. d4 Re4 39. Kg2 Ra3 40. Rc2 Rxf4 41. Rc7+ Kf6 42. Nc6 Rxa2+ 43. Kg3 g5 44. d5 Ra3+ 45. Kg2 Rd3 0-1

[Event "Budapest FS11 FM-A"]
[Site "Budapest"]
[Date "2008.11.05"]
[Round "5"]
[White "Bolvary, Tamara"]
[Black "Mayer, Istvan"]
[Result "0-1"]
[WhiteElo "2017"]
[BlackElo "2136"]
[PlyCount "100"]
[EventDate "2008.11.01"]
[EventType "tourn"]
[EventRounds "9"]
[EventCountry "HUN"]
[SourceTitle "EXT 2009"]
[Source "ChessBase"]
[SourceDate "2008.11.26"]
[SourceVersion "1"]
[SourceVersionDate "2008.11.26"]
[SourceQuality "1"]

1. e4 e6 2. d4 d5 3. Bd3 c5 4. c3 Nc6 5. Ne2 e5 6. dxe5 dxe4 7. Bxe4 Qxd1+ 8. Kxd1 Nxe5 9. Kc2 Nf6 10. f3 Nxe4 11. fxe4 Bd7 12. Bf4 Ng6 13. Bg3 h5 14. Nf4 Nxf4 15. Bxf4 0-0-0 16. c4 f5 17. exf5 Bxf5+ 18. Kb3 Rd7 19. g3 h4 20. Re1 Bd6 21. Bxd6 Rxd6 22. Nc3 hxg3 23. hxg3 Rh2 24. Nd5 Be6 25. Rad1 b5 26. Re5 a6 27. a3 Rf2 28. Kc3 Rf3+ 29. Rd3 Rxd3+ 30. Kxd3 Kd7 31. b3 Bxd5 32. cxd5 Rg6 33. Re3 Kd6 34. b4 Kxd5 35. bxc5 Kxc5 36. Kc3 Rg5 37. Rd3 a5 38. Rf3 g6 39. Re3 Kd5 40. Kd3 Rg4 41. Rf3 Ra4 42. Kc2 Rg4 43. Kd3 Rg5 44. Re3 Rf5 45. Kc3 g5 46. Rd3+ Kc5 47. Kb3 g4 48. Rc3+ Kd4 49. Rc8 Rf3+ 50. Kb2 Rxg3 0-1

[Event "Budapest FS11 FM-A"]
[Site "Budapest"]
[Date "2008.11.02"]
[Round "2"]
[White "Jasz, Peter"]
[Black "Bolvary, Tamara"]
[Result "1/2-1/2"]
[WhiteElo "1974"]
[BlackElo "2017"]
[PlyCount "77"]
[EventDate "2008.11.01"]
[EventType "tourn"]
[EventRounds "9"]
[EventCountry "HUN"]
[SourceTitle "EXT 2009"]
[Source "ChessBase"]
[SourceDate "2008.11.26"]
[SourceVersion "1"]
[SourceVersionDate "2008.11.26"]
[SourceQuality "1"]

1. e4 c5 2. Nf3 e6 3. d4 cxd4 4. Nxd4 a6 5. Nc3 b5 6. Be2 Bb7 7. Bf3 Qc7 8. 0-0 d6 9. a3 Nf6 10. Qe2 Be7 11. Re1 0-0 12. e5 dxe5 13. Bxb7 Qxb7 14. Qxe5 Nc6 15. Nxc6 Qxc6 16. g3 Rfd8 17. Qe2 Rd7 18. Bf4 Rad8 19. Red1 Nd5 20. Nxd5 Rxd5 21. Be5 Qd7 22. Rxd5 Qxd5 23. Bc3 Bc5 24. Qg4 e5 25. Re1 f6 26. Qf5 Qc4 27. Ba5 g6 28. Qf3 Rd6 29. Bc3 Bd4 30. Bxd4 Qxd4 31. b4 f5 32. Qb3+ Kg7 33. Qe3 Kf6 34. f3 Qxe3+ 35. Rxe3 Rc6 36. c3 Rd6 37. Kf2 Rd2+ 38. Re2 Rd3 39. Re3 1/2-1/2

[Event "Edmonton op 3rd"]
[Site "Edmonton"]
[Date "2008.08.02"]
[Round "5"]
[White "Hughey, Micah"]
[Black "Bolvary, Tamara"]
[Result "1-0"]
[WhiteElo "2011"]
[BlackElo "2046"]
[PlyCount "57"]
[EventDate "2008.07.31"]
[EventType "swiss"]
[EventRounds "9"]
[EventCountry "CAN"]
[SourceTitle "CBM 125 Extra"]
[Source "ChessBase"]
[SourceDate "2008.09.01"]
[SourceVersion "1"]
[SourceVersionDate "2008.09.01"]
[SourceQuality "1"]

1. e4 c5 2. c3 d6 3. d4 Nf6 4. Bd3 Nbd7 5. Nf3 e6 6. 0-0 Be7 7. Bf4 0-0 8. Nbd2 Nh5 9. Be3 Nhf6 10. Bf4 Nh5 11. Be3 Nhf6 12. h3 b6 13. Bf4 Bb7 14. Qe2 Ne8 15. Rfe1 g6 16. Bh6 Ng7 17. e5 d5 18. Nh2 Bg5 19. Bxg7 Kxg7 20. Rf1 Be7 21. f4 Re8 22. g4 cxd4 23. cxd4 Kh8 24. g5 Bf8 25. Ng4 h5 26. gxh6 Qh4 27. Qg2 Bxh6 28. Nf3 Qh5 29. Bb5 1-0

[Event "Quebec op U2400"]
[Site "Montreal"]
[Date "2008.07.24"]
[Round "6"]
[White "Bolvary, Tamara"]
[Black "Laptos, Krzysztof"]
[Result "0-1"]
[WhiteElo "2046"]
[BlackElo "2235"]
[PlyCount "44"]
[EventDate "2008.07.19"]
[EventType "swiss"]
[EventRounds "9"]
[EventCountry "CAN"]
[SourceTitle "EXT 2011"]
[Source "ChessBase"]
[SourceDate "2010.11.26"]
[SourceVersion "1"]
[SourceVersionDate "2010.11.26"]
[SourceQuality "1"]

1. c4 d6 2. g3 e5 3. Bg2 f5 4. d3 Nf6 5. Nc3 Be7 6. b4 0-0 7. b5 a6 8. Qb3 Kh8 9. Bb2 axb5 10. cxb5 Nbd7 11. e3 d5 12. Na4 c5 13. Kf1 d4 14. exd4 cxd4 15. Rc1 Qa5 16. Rc4 f4 17. Nf3 fxg3 18. hxg3 Ng4 19. Bc1 Nb6 20. Bd2 Qa7 21. Bb4 Nxc4 22. Qxc4 Qxa4 0-1

[Event "HUN-chT2 Erkel 0708"]
[Site "Hungary"]
[Date "2008.03.16"]
[Round "8"]
[White "Bolvary, Tamara"]
[Black "Papista, Akos"]
[Result "1/2-1/2"]
[WhiteElo "2023"]
[BlackElo "2177"]
[PlyCount "120"]
[EventDate "2007.10.14"]
[EventType "team"]
[EventRounds "11"]
[EventCountry "HUN"]
[SourceTitle "EXT 2009"]
[Source "ChessBase"]
[SourceDate "2008.11.26"]
[SourceVersion "1"]
[SourceVersionDate "2008.11.26"]
[SourceQuality "1"]
[WhiteTeam "Foti"]
[BlackTeam "Keviterv"]
[WhiteTeamCountry "HUN"]
[BlackTeamCountry "HUN"]

1. e4 e5 2. Nf3 Nc6 3. d4 exd4 4. Nxd4 Bc5 5. Be3 Qf6 6. c3 Qg6 7. Nd2 Nf6 8. Qf3 Bxd4 9. Bxd4 d6 10. Qg3 Qxg3 11. hxg3 Nxd4 12. cxd4 d5 13. e5 Ng4 14. Rc1 c6 15. Bd3 Nh6 16. Nb3 0-0 17. 0-0 Re8 18. Rfe1 g5 19. Na5 Re7 20. b4 a6 21. Nb3 g4 22. Nc5 Bf5 23. Re3 Rae8 24. Bxf5 Nxf5 25. Rd3 Kg7 26. a4 f6 27. f4 h5 28. Re1 Kg6 29. Rb1 Ra8 30. Nb3 Rh7 31. Re1 Re8 32. Nd2 h4 33. gxh4 Rxh4 34. Nf1 Nd6 35. Ng3 f5 36. Rb1 Ne4 37. Rb2 Reh8 38. Kf1 Nxg3+ 39. Rxg3 Rh1+ 40. Ke2 Ra1 41. b5 Rxa4 42. bxc6 bxc6 43. Rc3 Rc8 44. Kd3 Kh5 45. g3 Ra1 46. Rcb3 Rg1 47. Rh2+ Kg6 48. Kd2 Rc7 49. Rc3 Rc8 50. e6 Rb1 51. Kc2 Rcb8 52. Kd3 Rd1+ 53. Kc2 Rxd4 54. Rxc6 Rc4+ 55. Rxc4 dxc4 56. Re2 Kf6 57. Kc3 Re8 58. Kxc4 Rxe6 59. Ra2 Rb6 60. Ra3 Re6 1/2-1/2

[Event "HUN-chT2 Erkel 0708"]
[Site "Hungary"]
[Date "2007.12.09"]
[Round "4"]
[White "Kis, Jozsef"]
[Black "Bolvary, Tamara"]
[Result "1-0"]
[WhiteElo "2138"]
[BlackElo "2023"]
[PlyCount "55"]
[EventDate "2007.10.14"]
[EventType "team"]
[EventRounds "11"]
[EventCountry "HUN"]
[SourceTitle "EXT 2009"]
[Source "ChessBase"]
[SourceDate "2008.11.26"]
[SourceVersion "1"]
[SourceVersionDate "2008.11.26"]
[SourceQuality "1"]
[WhiteTeam "HMO"]
[BlackTeam "Foti"]
[WhiteTeamCountry "HUN"]
[BlackTeamCountry "HUN"]

1. e4 c5 2. Nf3 e6 3. d4 cxd4 4. Nxd4 a6 5. Nc3 b5 6. Bd3 Qb6 7. Nb3 Qc7 8. 0-0 Nf6 9. e5 Qxe5 10. Qf3 Nc6 11. Bf4 Qh5 12. Qg3 Be7 13. Qxg7 Rg8 14. Qh6 Qg4 15. Bg3 b4 16. Na4 Bb7 17. h3 Qg5 18. Qxg5 Rxg5 19. Bf4 Rh5 20. Nb6 Ra7 21. Be3 a5 22. Be2 Rf5 23. g4 Re5 24. Nc4 Re4 25. Nbd2 Nd4 26. Bd3 Bc5 27. Nxe4 Nxe4 28. Bxd4 1-0

[Event "HUN-chT2 Erkel 0708"]
[Site "Hungary"]
[Date "2007.11.11"]
[Round "2"]
[White "Biro, Andras"]
[Black "Bolvary, Tamara"]
[Result "1/2-1/2"]
[WhiteElo "2298"]
[BlackElo "2023"]
[PlyCount "57"]
[EventDate "2007.10.14"]
[EventType "team"]
[EventRounds "11"]
[EventCountry "HUN"]
[SourceTitle "EXT 2009"]
[Source "ChessBase"]
[SourceDate "2008.11.26"]
[SourceVersion "1"]
[SourceVersionDate "2008.11.26"]
[SourceQuality "1"]
[WhiteTeam "Statisztika II"]
[BlackTeam "Foti"]
[WhiteTeamCountry "HUN"]
[BlackTeamCountry "HUN"]

1. e4 c5 2. Nf3 e6 3. d4 cxd4 4. Nxd4 a6 5. Bd3 Qb6 6. Nb3 Qc7 7. c4 b6 8. 0-0 Nf6 9. Nc3 Bb7 10. Be3 d6 11. Qe2 Nbd7 12. a4 Rc8 13. a5 Be7 14. axb6 Nxb6 15. Na5 Ba8 16. Bxb6 Qxb6 17. c5 dxc5 18. Bxa6 Rd8 19. Bb5+ Kf8 20. Nc4 Qb8 21. Ra5 Rd4 22. Rfa1 Bb7 23. e5 Nd5 24. Nxd5 Bxd5 25. Ne3 Be4 26. f3 Bb7 27. Ba6 Bc6 28. Bb5 Bb7 29. Ba6 1/2-1/2

[Event "Quebec op U2300"]
[Site "Montreal"]
[Date "2007.07.24"]
[Round "5"]
[White "Campbell, Martin Alexandre"]
[Black "Bolvary, Tamara"]
[Result "0-1"]
[WhiteElo "1829"]
[BlackElo "2023"]
[PlyCount "66"]
[EventDate "2007.07.20"]
[EventType "swiss"]
[EventRounds "9"]
[EventCountry "CAN"]
[SourceTitle "EXT 2022"]
[Source "ChessBase"]
[SourceDate "2021.10.06"]
[SourceVersion "1"]
[SourceVersionDate "2021.10.06"]
[SourceQuality "1"]

1. e4 c5 2. Nf3 e6 3. d4 cxd4 4. Nxd4 a6 5. Nc3 b5 6. a3 Bb7 7. Be2 Qc7 8. 0-0 Nf6 9. f3 Be7 10. Be3 d6 11. Qd3 Nbd7 12. Nb3 Rc8 13. f4 d5 14. exd5 Nxd5 15. Nxd5 Bxd5 16. Kh1 0-0 17. Rac1 Nf6 18. Bd4 Rfd8 19. Qe3 Nd7 20. Bf3 Bxf3 21. Rxf3 Bf6 22. c3 Qc4 23. Na5 Bxd4 24. Nxc4 Bxe3 25. Nxe3 Nc5 26. Rd1 Rxd1+ 27. Nxd1 Rd8 28. Ne3 Rd2 29. b4 Ne4 30. Nf1 Ra2 31. f5 Rxa3 32. fxe6 fxe6 33. Re3 Ra1 0-1

[Event "HUN-chT2 Erkel 0607"]
[Site "Hungary"]
[Date "2007.04.29"]
[Round "9"]
[White "Bolvary, Tamara"]
[Black "Orso, Janos"]
[Result "0-1"]
[WhiteElo "2093"]
[BlackElo "2195"]
[PlyCount "104"]
[EventDate "2006.11.12"]
[EventType "team"]
[EventRounds "11"]
[EventCountry "HUN"]
[SourceTitle "EXT 2008"]
[Source "ChessBase"]
[SourceDate "2007.11.25"]
[SourceVersion "1"]
[SourceVersionDate "2007.11.25"]
[SourceQuality "1"]
[WhiteTeam "Foti"]
[BlackTeam "MAFC"]
[WhiteTeamCountry "HUN"]
[BlackTeamCountry "HUN"]

1. e4 c5 2. Nf3 Nc6 3. Bb5 Nf6 4. Nc3 Qc7 5. b3 e6 6. Bb2 Be7 7. 0-0 0-0 8. Re1 d6 9. a3 e5 10. Bc4 Bg4 11. h3 Bh5 12. g4 Bg6 13. Nh4 Bxe4 14. g5 Bxc2 15. Qxc2 Nh5 16. Nd5 Qd8 17. Qd1 Bxg5 18. Qxh5 Bxh4 19. Re4 Qg5+ 20. Qxg5 Bxg5 21. f4 exf4 22. Rae1 Kh8 23. Kh1 f3 24. Rg4 f6 25. Nc7 h5 26. Rge4 Rad8 27. Ne6 d5 28. Bxd5 Rxd5 29. Nxf8 Kg8 30. Ng6 Kf7 31. Nh8+ Kg8 32. Re8+ Kh7 33. Nf7 Bxd2 34. Rg1 g5 35. Bxf6 Kg6 36. Rf8 Kxf6 37. Nxg5+ Ke7 38. Rf7+ Ke8 39. Rg7 f2 40. Rf1 Rxg5 41. Rxg5 Bxg5 42. Rxf2 Be7 43. Rf3 h4 44. Kg2 Kd7 45. Kf2 Nd4 46. Rd3 Bg5 47. Kg2 Kc6 48. Kf2 Kd5 49. Rc3 b5 50. Kf1 a5 51. Kf2 b4 52. axb4 axb4 0-1

[Event "Quebec op U2300"]
[Site "Montreal"]
[Date "2007.??.??"]
[Round "4"]
[White "Bolvary, Tamara"]
[Black "MacKinnon, Keith"]
[Result "1/2-1/2"]
[WhiteElo "2020"]
[BlackElo "2025"]
[PlyCount "42"]
[EventDate "2007.07.20"]
[EventType "swiss"]
[EventRounds "9"]
[EventCountry "CAN"]
[SourceTitle "EXT 2010"]
[Source "ChessBase"]
[SourceDate "2010.11.25"]
[SourceVersion "1"]
[SourceVersionDate "2010.11.25"]
[SourceQuality "1"]

1. c4 Nf6 2. g3 g6 3. Bg2 Bg7 4. Nc3 0-0 5. d3 d6 6. Bg5 Nbd7 7. Qd2 e5 8. h4 c6 9. h5 Nc5 10. hxg6 fxg6 11. Nf3 Qa5 12. 0-0-0 Qc7 13. Rh4 a5 14. Rdh1 Rf7 15. Be3 Ne6 16. Ne4 Nxe4 17. dxe4 Bf8 18. Bh3 Be7 19. Rh6 Bf8 20. Rh4 Be7 21. Rh6 Bf8 1/2-1/2

[Event "HUN-chT2 Erkel 0607"]
[Site "Hungary"]
[Date "2006.12.03"]
[Round "3"]
[White "Csicsay, Imre"]
[Black "Bolvary, Tamara"]
[Result "0-1"]
[WhiteElo "2245"]
[BlackElo "2093"]
[PlyCount "78"]
[EventDate "2006.11.12"]
[EventType "team"]
[EventRounds "11"]
[EventCountry "HUN"]
[SourceTitle "EXT 2008"]
[Source "ChessBase"]
[SourceDate "2007.11.25"]
[SourceVersion "1"]
[SourceVersionDate "2007.11.25"]
[SourceQuality "1"]
[WhiteTeam "Hobagoly"]
[BlackTeam "Foti"]
[WhiteTeamCountry "HUN"]
[BlackTeamCountry "HUN"]

1. Nf3 d5 2. g3 Nf6 3. Bg2 Bg4 4. 0-0 Nbd7 5. c4 e6 6. b3 c6 7. Qc2 Bd6 8. d3 0-0 9. Nbd2 Qe7 10. e4 dxe4 11. dxe4 e5 12. h3 Bxf3 13. Nxf3 Nh5 14. Bb2 Rfd8 15. Rad1 f6 16. Nh4 g6 17. Bf3 Ng7 18. Bg4 Bc5 19. Kh2 Ne6 20. f4 Nd4 21. Bxd4 Bxd4 22. Bxd7 Rxd7 23. f5 g5 24. Nf3 c5 25. Qe2 Qe8 26. h4 gxh4 27. g4 Qf8 28. g5 Rg7 29. Qd2 Rd8 30. Kh1 Qf7 31. Qh2 Qh5 32. gxf6 Rg3 33. Nxd4 Rxd4 34. Rxd4 cxd4 35. Qf2 Qg4 36. Rg1 Rxg1+ 37. Qxg1 Qxg1+ 38. Kxg1 d3 39. Kf2 h3 0-1

[Event "Budapest FS08 FM-A"]
[Site "Budapest"]
[Date "2006.08.16"]
[Round "12"]
[White "Bolvary, Tamara"]
[Black "Szabo, Bence"]
[Result "0-1"]
[WhiteElo "2104"]
[BlackElo "2040"]
[PlyCount "30"]
[EventDate "2006.08.05"]
[EventType "tourn"]
[EventRounds "13"]
[EventCountry "HUN"]
[SourceTitle "CBM 113 Extra"]
[Source "ChessBase"]
[SourceDate "2006.09.14"]
[SourceVersion "1"]
[SourceVersionDate "2006.09.14"]
[SourceQuality "1"]

1. c4 e5 2. g3 Nf6 3. Bg2 d5 4. cxd5 Nxd5 5. Nc3 Nb6 6. Nf3 Nc6 7. 0-0 Be7 8. d3 0-0 9. Be3 f6 10. Qb3+ Kh8 11. Rac1 Bg4 12. Nb5 Qd7 13. a3 Na5 14. Qc3 Qxb5 15. Qxc7 Nd5 0-1